The condition of the working classes
Đã lưu trong:
| Nhiều tác giả của công ty: | , |
|---|---|
| Format: | Bog |
| Sprog: | Undetermined |
| Udgivet: |
Oxford
Catholic Social Guild
1924
|
| Fag: | |
| Tags: |
Tilføj Tag
Ingen Tags, Vær først til at tagge denne postø!
|
| Thư viện lưu trữ: | Trung tâm Học liệu Trường Đại học Cần Thơ |
|---|
| LEADER | 00583nam a2200205Ia 4500 | ||
|---|---|---|---|
| 001 | CTU_98224 | ||
| 008 | 210402s9999 xx 000 0 und d | ||
| 082 | |a 331 | ||
| 082 | |b C745 | ||
| 110 | |a Catholic Church | ||
| 110 | |b Pope (1878-1903 : Leo XIII) | ||
| 245 | 4 | |a The condition of the working classes | |
| 245 | 0 | |c Pope Leo XIII ... [et al.] | |
| 260 | |a Oxford | ||
| 260 | |b Catholic Social Guild | ||
| 260 | |c 1924 | ||
| 650 | |a Working class,Christian sociology | ||
| 650 | |x Catholic Church | ||
| 904 | |i Năm | ||
| 980 | |a Trung tâm Học liệu Trường Đại học Cần Thơ | ||